Khóc đám ma người Tày Cao Lộc

Giới thiệu chung về khóc đám ma của người Tày huyện Cao Lộc, tỉnh Lạng Sơn và những bài (lời) khóc đám ma tiếng Tày có phần dịch tiếng Việt

Spremljeno u:
Bibliografski detalji
Glavni autor: Lộc, Bích Kiệm
Format: Knjiga
Jezik:Undetermined
Izdano: H. Hội nhà văn 2019
Teme:
Online pristup:http://lrc.tdmu.edu.vn/opac/search/detail.asp?aID=2&ID=41121
Oznake: Dodaj oznaku
Bez oznaka, Budi prvi tko označuje ovaj zapis!
Thư viện lưu trữ: Trung tâm Học liệu Trường Đại học Thủ Dầu Một
LEADER 01064nam a2200205Ia 4500
001 TDMU_41121
008 210410s9999 xx 000 0 und d
082 |a 895.92234 
090 |b L451 
100 |a Lộc, Bích Kiệm 
245 0 |a Khóc đám ma người Tày Cao Lộc 
245 0 |c Lộc Bích Kiệm 
260 |a H. 
260 |b Hội nhà văn 
260 |c 2019 
300 |a 195 tr 
520 |a Giới thiệu chung về khóc đám ma của người Tày huyện Cao Lộc, tỉnh Lạng Sơn và những bài (lời) khóc đám ma tiếng Tày có phần dịch tiếng Việt 
650 |a Văn hóa dân gian  |x Ma chay  |x Dân tộc Tày  |z Cao Lộc (Lạng Sơn - Việt Nam); Tang lễ  |x Ma chay  |x Khóc đám ma  |x Dân tộc Tày  |z Cao Lộc (Lạng Sơn - Việt Nam); Dân tộc Tày  |x Văn hóa  |x Khóc đám ma 
856 |u http://lrc.tdmu.edu.vn/opac/search/detail.asp?aID=2&ID=41121 
980 |a Trung tâm Học liệu Trường Đại học Thủ Dầu Một